000 00607nam a22001577a 4500
008 090120c xxu||||| |||| 00| 0 eng d
040 _adpl
082 _a370
245 _aHFI Education today in English and Hindi
_bfor IX-X
260 _aNew Delhi
_bM. Gulab Singh and sons
_c1991-
300 _av.
_c26 cm
310 _aMonthly
270 _aGulab Bhavan, 6, Bahadur Shah Zafar Marg,
_bNew Delhi
_e110002
_k23317931, 23318301
_l23319471
_mmbdgroup@vsnl.net
942 _2ddc
_cSR
_h370
_mHFI
_s1
999 _c21509
_d21509